000 00582nam a2200169 4500
999 _c4675
_d4675
008 160919b xxu||||| |||| 00| 0 eng d
022 _a2094-8042
082 _aDPer 370.105 M72 Jan-Dec 2012 V. 60-61
100 _914905
_aNicolas, Autelia T.
243 _aThe modern teacher
245 _aTexting:
_bits consequences to learners' spelling ability/
_cAutelia T. Nicolas.
260 _aPhilippines:
_bIn the Grade School, Inc.,
_c©2012.
300 _av61 n6, page 214;
_c28 cm.
500 _aThe Modern Teacher.
650 0 _914906
_aTelephones
_xTexting
942 _2ddc
_cPER